000
00269nam a2200109Ia 4500
008
190912s9999||||xx |||||||||||||| ||und||
100
_a
Longman
245
0
_a
Dictionary of English Language and Culture
260
_a
England
_b
Dorling
_c
1992
300
_a
1528
942
_c
BK
999
_c
7073
_d
7073